Clause and effect (Record no. 40059)

MARC details
000 -LEADER
fixed length control field 01179cab a2200229 4500
001 - CONTROL NUMBER
control field ABS47990
008 - FIXED-LENGTH DATA ELEMENTS--GENERAL INFORMATION
fixed length control field 090401t1993 xxu||||| |||| 00| 0 eng d
035 ## - SYSTEM CONTROL NUMBER
System control number (Sirsi) u64326
041 ## - LANGUAGE CODE
Language code of text/sound track or separate title eng
100 ## - MAIN ENTRY--PERSONAL NAME
Personal name Jerram, D.
245 ## - TITLE STATEMENT
Title Clause and effect
260 ## - PUBLICATION, DISTRIBUTION, ETC.
Date of publication, distribution, etc. 1993
350 ## - PRICE (NR) (BK AM CF MU VM SE) [OBSOLETE]
Price 0
490 ## - SERIES STATEMENT
Series statement New Civil Engineer
Volume/sequential designation (1028) 4 February 1993, 16(1)
520 ## - SUMMARY, ETC.
Summary, etc. "Humber Oil Terminals Trustee Ltd v Harbour & General Works (Stevin) Ltd" considered whether the circumstances which led to collapse and loss of contracting equipment were foreseeable. A legal decision would determine who would be liable for the remedial costs as agreed in the contract, drafted in accordance with the ICE conditions. The contractor claimed at arbitration that the collapse was not foreseeable and so liability would rest with the employer. The decision was in the contractor`s favour, upheld at the Official Referee`s Court and Court of Appeal.
650 ## - SUBJECT ADDED ENTRY--TOPICAL TERM
Topical term or geographic name entry element ICE CONDITIONS OF CONTRACT 5TH EDITION CL12
650 ## - SUBJECT ADDED ENTRY--TOPICAL TERM
Topical term or geographic name entry element ICE CONDITIONS OF CONTRACT 5TH EDITION CL8(2)
650 ## - SUBJECT ADDED ENTRY--TOPICAL TERM
Topical term or geographic name entry element PHYSICAL CONDITIONS
690 ## - LOCAL SUBJECT ADDED ENTRY--TOPICAL TERM (OCLC, RLIN)
Topical term or geographic name as entry element BUILDING AND CONSTRUCTION-CASE LAW
942 ## - ADDED ENTRY ELEMENTS (KOHA)
Suppress in OPAC 0
948 ## - LOCAL PROCESSING INFORMATION (OCLC); SERIES PART DESIGNATOR (RLIN)
c (OCLC) 04/03/1997
Holdings
Withdrawn status Lost status Source of classification or shelving scheme Damaged status Not for loan Home library Current library Shelving location Date acquired Total Checkouts Full call number Barcode Date last seen Copy number Price effective from Koha item type
    Dewey Decimal Classification     London London Journal article 14/09/1999   ABS47990 64326-1001 06/08/2019 1 06/08/2019 Journal article